The moonstone /

Bibliographic Details
Main Author: Collins, Wilkie, 1824-1889
Format: Book
Language:English
Published: New York : Heritage Press, [1960]

MARC

Tag First Indicator Second Indicator Subfields
LEADER 00000cam a2200000 4500
001 in00000021271
005 20151007062245.0
008 780207c19601959nyua 00001 engm
010 |a  60004714  
035 |a (OCoLC)03615337 
035 |9 AAD4364AM 
040 |a DLC  |c NRC  |d NRC  |d TXA  |d UtOrBLW 
049 |a TXAM  |c [324461] 
050 0 0 |a PR4494.M62 1959 
092 |a 823  |b C713m, 1959 
100 1 |a Collins, Wilkie,  |d 1824-1889. 
245 1 4 |a The moonstone /  |c With an introd. by Vincent Starrett. Illustrated by Dignimont. 
264 1 |a New York :  |b Heritage Press,  |c [1960] 
264 4 |c [©1959] 
300 |a xviii, 464 pages :  |b illustrations (part color) ;  |c 25 cm. 
336 |a text  |b txt  |2 rdacontent 
337 |a unmediated  |b n  |2 rdamedia 
338 |a volume  |b nc  |2 rdacarrier 
999 |a MARS 
999 f f |s fb97d230-68f6-3c57-b91c-0d2d49648014  |i c43cdd9b-1870-3d0a-a657-8371abfc7a0e  |t 0 
952 f f |p normal  |a Texas A&M University  |b College Station  |c Sterling C. Evans Library  |d Evans: Library Stacks  |t 0  |e PR4494.M62 1959  |h Library of Congress classification  |i unmediated -- volume  |m A14801314938 
998 f f |a PR4494.M62 1959  |t 0  |l Evans: Library Stacks